000 01065nam a2200301 i 4500
005 20220317000152.0
008 141031s2014 ck a gs 000 0 spa d
020 _a9789583023866
040 _aCO-BoRNBP
_bspa
_cCO-BoRNBP
_erda
100 1 _aPuerta Restrepo, Germán
_eautor
245 1 0 _aHistorias y leyendas del cielo
_cGermán Puerta Restrepo ; ilustrado por Helena Melo
250 _aPrimera edición
264 1 _aBogotá
_bPanamericana
_c2014
300 _a85 páginas
_bilustraciones a color
_c23 cm
336 _atexto
_btxt
_2rdacontent
337 _asin mediación
_bn
_2rdamedia
338 _avolumen
_bnc
_2rdacarrier
650 1 4 _2LEMB
_aLeyendas infantiles colombianas
650 1 4 _2LEMB
_aLiteratura infantil colombiana
650 1 4 _2LEMB
_aAstrología
_vLeyenda
650 1 4 _2LEMB
_aPersonajes fantásticos
_vLeyenda
650 1 4 _2LEMB
_aUniverso
_vLeyenda
650 1 4 _2LEMB
_aDioses
_vLeyenda
700 1 _aMelo, Helena,
_d1981-,
_eilustradora
_9129350
700 1 _aFonseca Leal, Mireya,
_eeditora
_941982
942 _2loc
_cBKLIT
084 _aLM PUE2
999 _c3288
_d3288